ARRUPE JESUIT UNIVERSITY

CORONAVIRUS -STOP THE SPREAD - CLEAN,DISINFECT,COVER

Africa to 2000 and Beyond (Record no. 18553)

MARC details
000 -LEADER
fixed length control field 00486nam a2200193Ia 4500
003 - CONTROL NUMBER IDENTIFIER
control field 0100
008 - FIXED-LENGTH DATA ELEMENTS--GENERAL INFORMATION
fixed length control field 130303s9999 xx 000 0 und d
040 ## - CATALOGING SOURCE
Transcribing agency ARRUPELIB
050 ## - LIBRARY OF CONGRESS CALL NUMBER
Classification number HC59.N241994
100 ## - MAIN ENTRY--PERSONAL NAME
Personal name Ndegwa, Philip
245 ## - TITLE STATEMENT
Title Africa to 2000 and Beyond
245 ## - TITLE STATEMENT
Remainder of title Imperative Political and Economic Agenda
260 ## - PUBLICATION, DISTRIBUTION, ETC. (IMPRINT)
Place of publication, distribution, etc Nairobi
260 ## - PUBLICATION, DISTRIBUTION, ETC. (IMPRINT)
Name of publisher, distributor, etc East African Educational Publishers
260 ## - PUBLICATION, DISTRIBUTION, ETC. (IMPRINT)
-- 1994
300 ## - PHYSICAL DESCRIPTION
Extent 131p
700 ## - ADDED ENTRY--PERSONAL NAME
Personal name Green, Reginald Herbold
942 00 - ADDED ENTRY ELEMENTS (KOHA)
Koha issues (borrowed), all copies 2
Holdings
Withdrawn status Lost status Source of classification or shelving scheme Damaged status Not for loan Collection code Home library Current library Shelving location Date acquired Total Checkouts Full call number Barcode Date last seen Date checked out Copy number Price effective from Koha item type
    Library of Congress Classification     Main Collection ARRUPE LIBRARY ARRUPE LIBRARY   04/03/2013 2 HC59.N241994 46003046077 23/04/2018 03/09/2014 1 04/03/2013 Monograph ( Printed materials)

 

Arrupe Library. PO Box MP320 Mt Pleasant, Harare, Zimbabwe
263 242 745411|librarian@aju.ac.zw